000
00332nam a2200145Ia 4500
008
100122s9999 xx 000 0 und d
082
_b
67747
_a
823
100
_a
PATTERSON JAMES
245
_a
THITD DEGREE
260
_b
WARNER BOOKS
_c
2005
300
_a
360
630
_a
THITD DEGREE
730
_a
THITD DEGREE
942
_c
BOOK
999
_c
381186
_d
381183